Logo BPK

Biblioteka

Politechniki Koszalińskiej

Słownik biograficzny techników polskich. (Rekord nr 42545)

Szczegóły MARC
000 -ETYKIETA REKORDU
podpole kontrolne o stałej długości 00871nam a2200241 i 4500
001 - NUMER KONTROLNY REKORDU
pole kontrolne bg
020 ## - MIĘDZYNARODOWY ZNORMALIZOWANY NUMER KSIĄŻKI - ISBN
ISBN 8385001328
040 ## - ŹRÓDŁO KATALOGOWANIA
Instytucja, która utworzyła rekord BPK
041 0# - KOD JĘZYKA
Kod języka tekstu pol
080 ## - UNIWERSALNA KLASYFIKACJA DZIESIĘTNA - UKD
UKD 62:929-052](438)"18/19"
920 ## - Międzynarodowy znormalizowany numer książki – ISBN
ISBN 83-85001-32-8
008 - POLE O STAŁEJ DŁUGOŚCI - DANE KONTROLNE
podpole kontrolne o stałej długości s pl f |000 0 pol
245 00 - TYTUŁ/ODPOWIEDZIALNOŚĆ
Tytuł Słownik biograficzny techników polskich.
Oznaczenie części/sekcji dzieła Z. 9 /
Pozostałe elementy strefy tytułu i oznaczenia odpowiedzialności [red. nacz. Zbigniew Skoczyński] ; Federacja Stowarzyszeń Naukowo-Technicznych.
260 ## - STREFA ADRESU WYDAWNICZEGO
Miejsce wydania Warszawa :
Nazwa wydawcy/dystrybutora FSN-T,
Data publikacji, dystrybucji/powstania dokumentu 1998.
300 ## - STREFA OPISU FIZYCZNEGO
Objętość 209 s. ;
Rozmiary 24 cm.
504 ## - UWAGA DOTYCZĄCA BIBLIOGRAFII
Informacje o bibliografii Bibliogr. przy hasłach.
650 #9 - HASŁO PRZEDMIOTOWE W FORMIE NAZWY OGÓLNEJ LUB JEDNOSTKOWEJ
Nazwa ogólna lub geograficzna Inżynierowie
Określnik ogólny biografie
Określnik geograficzny Polska
Określnik chronologiczny 19-20 w.
650 #9 - HASŁO PRZEDMIOTOWE W FORMIE NAZWY OGÓLNEJ LUB JEDNOSTKOWEJ
Nazwa ogólna lub geograficzna Pracownicy naukowi
Określnik ogólny biografie
Określnik geograficzny Polska
Określnik chronologiczny 19-20 w.
700 1# - HASŁO DODATKOWE - NAZWA OSOBOWA
Nazwa osobowa SKOCZYŃSKI, Zbigniew.
Określenie związku między hasłem a opisywanym materiałem Red.
710 #0 - HASŁO DODATKOWE - NAZWA CIAŁA ZBIOROWEGO
Nazwa ciała zbiorowego lub jednostki geograficznej Federacja Stowarzyszeń Naukowo-Technicznych NOT
856 ## - LOKALIZACJA I DOSTĘP DO ELEKTRONICZNYCH DOKUMENTÓW ZDALNYCH
Link (URL) http://koha.tu.koszalin.pl/cgi-bin/koha/opac-detail.pl?biblionumber=42545
Tekst linku Katalog online BPK
942 ## - DODATKOWE ELEMENTY (KOHA)
Typ dokumentu Książka
Egzemplarze
Wycofany Status egzemplarza Uszkodzony Dostępność Lokalizacja stała Lokalizacja bieżąca Miejsce przechowywania Sygnatura Kod kreskowy Typ dokumentu
      Dostępny Biblioteka Politechniki Koszalińskiej Biblioteka Politechniki Koszalińskiej Wypożyczalnia BG 66868 01980967 Książka
© 2023 Biblioteka Politechniki Koszalińskiej :: KOHA